Normal view
MARC view
- Primates
Entry Topical Term
001 - CONTROL NUMBER
- control field: 104259
003 - CONTROL NUMBER IDENTIFIER
- control field: NUST
005 - DATE AND TIME OF LATEST TRANSACTION
- control field: 20221206133445.0
008 - FIXED-LENGTH DATA ELEMENTS
- fixed length control field: 221206|| aca||aabn | a|a d
040 ## - CATALOGING SOURCE
- Original cataloging agency: NUST
- Transcribing agency: NUST
150 ## - HEADING--TOPICAL TERM
- Topical term or geographic name entry element: Primates
- General subdivision: Collected works
670 ## - SOURCE DATA FOUND
- Source citation: Work cat.: (NUST)193760: Harlow, Harry F. 104255, The human model :, 1979.
